000 00489nam a2200157 4500
001 111714
003 ES-MaACL
007 t|
008 061121s1945 sp r ||||1| spa d
100 1 _aNettl, Paul.
_985421
245 1 3 _aLa música en la danza /
_cPaul Nettl; versión castellana directa del alemán, por Teresa Reyles.
260 _aMadrid :
_bEspasa-Calpe,
_c1945.
300 _a338 p. :
_bil. ;
_c26 cm.
700 1 _aReyles, Teresa.
_996601
852 _aES-MaACL
_jE-2130
_bR.23217
999 _c111714
_d111714